000 00541nam a2200157 4500
999 _c17138
_d17138
008 220607b ||||| |||| 00| 0 eng d
022 _a0732-8435
082 _aDPer 657.05 C33 Jan - Apr 2011, v. 81 n 1 - 4
100 _aHahn, William.
_945530
245 _aThe going-concern assumption:
_bits journey into GAAP/
_cWilliam Hahn.
260 _aNew York:
_bThe New York State Society of CPA,
_c2011.
300 _aV81 n2, pages 26-31:
_billustrations;
_c28 cm.
500 _aThe CPA Journal.
650 _aFinance.
_945531
942 _2ddc
_cPER